Guess the Countryballs 3 - Statistics

General Stats
  • This quiz has been taken 16 times
  • The average score is 18 of 20
Answer Stats
Picture Hint Answer % Correct
Greece
100%
Ireland
100%
Jamaica
100%
Pakistan
100%
Romania
100%
Ukraine
100%
Vietnam
100%
Croatia
92%
Finland
92%
Iceland
92%
Poland
92%
Not considered a country on Jetpunk Scotland
92%
Chile
83%
Hungary
83%
Indonesia
83%
Lithuania
83%
Singapore
83%
Thailand
83%
Armenia
75%
Libya
75%
No matching quizzes found
Score Distribution
Percent of People with Each Score
Percentile by Number Answered
Your Score History
You have not taken this quiz